000 00760nam a2200277Ia 4500
003 OSt
005 20220925222709.0
006 a|||||r|||| 00| 0
007 ta
008 220923b |||||||| |||| 00| 0 eng d
020 _a0475318304
037 _cGeneral Book
040 _aRTL
_cRTL
_beng
041 _2eng
_aeng
082 _aX:3M24xM18:g, P2/TD
100 _aMartin J
_9288199
245 0 _aMarx's eighteenth brumaire
_b Post modern interpretation
260 _aLondon
_bPluto Press
_c2002
300 _a267p
_ccm.
650 _a Classics
650 _a Karl Marx
650 _aEconomics
700 _a Cowling M
942 _hX:3M24xM18:g, P2/TD
_cGB
_2CC
999 _c577616
_d577616